Estatísticas para Você conhece todas as músicas do Jão?

Clique aqui para jogar o quiz

Estatísticas Gerais

  • Esse quiz foi jogado 1 039 vezes
  • A pontuação média é 27 de 39

Estatísticas das Respostas

JÃO% Correto
Idiota
89%
Lobos
86%
Meninos e Meninas
85%
A Rua
80%
Imaturo
80%
Olhos Vermelhos
79%
Coringa
78%
Vou Morrer Sozinho
77%
Monstros
76%
VSF
76%
Nota De Voz 8
75%
Acontece
74%
Ainda Te Amo
74%
Barcelona
74%
Clarão
74%
Doce
74%
Essa Eu Fiz Pro Nosso Amor
74%
Me Beija Com Raiva
74%
Não Te Amo
74%
Hotel San Diego
73%
Santo
73%
A Última Noite
72%
Enquanto Me Beija
70%
Louquinho
68%
Ressaca
68%
Triste Pra Sempre
67%
Você Me Perdeu
66%
Aqui
64%
Tempos de Glória
63%
Eu Quero Ser Como Você
62%
Lindo Demais
62%
Fim De Festa
60%
Você Vai Me Destruir
60%
Álcool
59%
Fugitivos
53%
Fim Do Mundo
51%
Dança Pra Mim
47%
Sim
42%
Me Liga
37%

Distribuição das Pontuações

Percentil de Números Respondidos

Porcentagem de Pessoas com Cada Pontuação

Sua Pontuação Histórica

Você não jogou esse quiz